<?xml version="1.0" encoding="UTF-8"?><marc:collection xmlns:marc="http://www.loc.gov/MARC21/slim">
  <marc:record>
    <marc:leader>00000nam##2200000za#4500</marc:leader>
    <marc:controlfield tag="001">9.683719</marc:controlfield>
    <marc:controlfield tag="003">CaOODSP</marc:controlfield>
    <marc:controlfield tag="005">20210615133733</marc:controlfield>
    <marc:controlfield tag="007">ta</marc:controlfield>
    <marc:controlfield tag="008">150407|2007||||xxc|||||     f|0| 0 fre|d</marc:controlfield>
    <marc:datafield tag="020" ind1=" " ind2=" ">
      <marc:subfield code="a">978-0-662-73826-8</marc:subfield>
    </marc:datafield>
    <marc:datafield tag="040" ind1=" " ind2=" ">
      <marc:subfield code="a">CaOODSP</marc:subfield>
      <marc:subfield code="b">fre</marc:subfield>
    </marc:datafield>
    <marc:datafield tag="043" ind1=" " ind2=" ">
      <marc:subfield code="a">n-cn---</marc:subfield>
    </marc:datafield>
    <marc:datafield tag="086" ind1="1" ind2=" ">
      <marc:subfield code="a">Fs23-512/1-2007F</marc:subfield>
    </marc:datafield>
    <marc:datafield tag="110" ind1="1" ind2=" ">
      <marc:subfield code="a">Canada. </marc:subfield>
      <marc:subfield code="b">Ministère des pêches et des océans. </marc:subfield>
      <marc:subfield code="b">Région des Maritimes.</marc:subfield>
    </marc:datafield>
    <marc:datafield tag="245" ind1="1" ind2="0">
      <marc:subfield code="a">Plan de gestion intégrée de l'océan dans l'est du plateau néo-écossais - plan stratégic / </marc:subfield>
      <marc:subfield code="c">Publié par la Direction des océans et de l'habitat. </marc:subfield>
    </marc:datafield>
    <marc:datafield tag="260" ind1=" " ind2=" ">
      <marc:subfield code="a">Dartmouth - Nouvelle-Écosse : </marc:subfield>
      <marc:subfield code="b">Pêches et Océans Canada. </marc:subfield>
      <marc:subfield code="c">c2007.</marc:subfield>
    </marc:datafield>
    <marc:datafield tag="300" ind1=" " ind2=" ">
      <marc:subfield code="a">68p. : </marc:subfield>
      <marc:subfield code="b">figure, carte, références, tableaux, photographies ; </marc:subfield>
      <marc:subfield code="c">28 cm.</marc:subfield>
    </marc:datafield>
    <marc:datafield tag="500" ind1=" " ind2=" ">
      <marc:subfield code="a">Bureau de planification de la GIEPNE Division de la gestion côtière et des océans Pêches et Océans Canada (Région des Maritimes) Institut océanographique de Bedford Succursale postale B500, C.P. 1006 Dartmouth (Nouvelle-Écosse) B2Y 4A2 Phone: 902 426-9900 Fax : 902 426-3855 Courriel : essim@mar.dfo-mpo.gc.ca</marc:subfield>
    </marc:datafield>
    <marc:datafield tag="520" ind1="3" ind2=" ">
      <marc:subfield code="a">Un plan stratégique qui représente une orientation à long terme et un engagement pour une gestion intégrée, écosystémique et adaptée de toutes les activités maritimes ayant cours dans l’est du plateau néo-écossai ou ayant des incidences sur celui-ci. Il comprend un ensemble de grands buts, d’objectifs et de stratégies visant une gouvernance concertée et une gestion intégrée, des utilisations humaines viables de l’océan et des écosystèmes sains.</marc:subfield>
    </marc:datafield>
    <marc:datafield tag="563" ind1=" " ind2=" ">
      <marc:subfield code="a">Couverture souple</marc:subfield>
    </marc:datafield>
    <marc:datafield tag="590" ind1=" " ind2=" ">
      <marc:subfield code="a">08-32</marc:subfield>
      <marc:subfield code="b">2008-08-08</marc:subfield>
    </marc:datafield>
    <marc:datafield tag="691" ind1="0" ind2="7">
      <marc:subfield code="a">Gestion des ressources</marc:subfield>
      <marc:subfield code="2">gcpds</marc:subfield>
    </marc:datafield>
    <marc:datafield tag="775" ind1="0" ind2="8">
      <marc:subfield code="t">Eastern Scotian Shelf integrated ocean management plan - strategic plan / </marc:subfield>
      <marc:subfield code="w">(CaOODSP)9.650616</marc:subfield>
    </marc:datafield>
    <marc:datafield tag="776" ind1="0" ind2="#">
      <marc:subfield code="t">Plan de gestion intégrée de l'océan dans l'est du plateau néo-écossais - plan stratégic / </marc:subfield>
      <marc:subfield code="w">(CaOODSP)9.635690</marc:subfield>
    </marc:datafield>
    <marc:datafield tag="986" ind1=" " ind2=" ">
      <marc:subfield code="a">MPO/2007-1229</marc:subfield>
    </marc:datafield>
  </marc:record>
</marc:collection>
